Central Library OPAC University of Rajshahi
Normal view MARC view

Entry Topical Term

Number of records used in: 2

001 - CONTROL NUMBER

  • control field: 3238

003 - CONTROL NUMBER IDENTIFIER

  • control field: BD-RjUL

005 - DATE AND TIME OF LATEST TRANSACTION

  • control field: 20220529115201.0

008 - FIXED-LENGTH DATA ELEMENTS

  • fixed length control field: 220529|| aca||aabn | a|a d

040 ## - CATALOGING SOURCE

  • Original cataloging agency: BD-RjUL
  • Transcribing agency: BD-RjUL

150 ## - HEADING--TOPICAL TERM

  • Topical term or geographic name entry element: Arabic language .
  • Form subdivision: Texts

670 ## - SOURCE DATA FOUND

  • Source citation: Work cat.: (BD-RjUL)79865: Jarrett, Henry Sullivan = جاريت, هنري سوليفان 3237, منتخب كتاب الف ليلة و ليلة.= Selections from the Alif laylah for the higher standard examination in Arabic for officers in the military & civil services /, 1888